Представление документа в формате MARC21

Поле Инд. ПП Название Значение
Тип записи a
Библиографический уровень a
001 Контрольный номер RU/IS/BASE/474548980
005 Дата корректировки 20150114110940.6
020 a ISBN 978-5-7609-0582-6
040 a Служба первич. каталог. НБ ТвГУ
b Код языка каталог. rus
e Правила каталог. PSBO
041 0_ a Код языка текста rus
100 1_ a Автор Глушков Сергей
245 10 a Заглавие Неформал номер один
260 a Место издания Тверь
b Издательство Тверской государственный университет
c Дата издания 2011
500 a Примечание Статья перепечатана из газеты "Тверская жизнь", 2014, 14 дек.
520 a Аннотация Статья посвящена памяти Юрия Алексеевича Шаркова, возглавившего движение за возвращение городу Твери и области исторического имени.
653 a Ключевые слова История Тверской области
653 1_ a Ключевые слова Тверь, город
653 1_ a Ключевые слова Шарков Юрий Алексеевич
653 1_ a Ключевые слова Некрологи
653 1_ a Ключевые слова Краеведение
773 08 w Контрольный № источника RU/IS/BASE/392298050
t Название источника Тверская история и наука России
d Место и дата издания Тверь : Тверской государственный университет, 2011
g Прочая информация Вып. 4. - С. 105-106
901 t Тип документа a
920 a Оператор Корж